000 00681nam a22002417a 4500
001 7093
003 FISKH
005 20251124155257.0
008 250620b cb ||||| |||| 00| 0 eng d
020 _a9781730160110
040 _aFISKH
_beng
_cFISKH
_dFISKH
050 _aPZ7
100 _aPrakash, Ved
245 _aPlease ! /
_cConceived by Ved Prakash
260 _aNew Delhi :
_bDreamland Publications ,
_c2015.
300 _a24 pages :
_bcolor illustrations ;
_c28 cm .
490 _aCharacter-building stories for children
_vBook 2
505 _aJ
521 8 _a500
_bLexile estimate
521 8 _aJ
_bRaz-Plus
942 _2ddc
_cBK
_n0
999 _c7093
_d7093